Список сочинениям и изданиям В.П. Попова, действительного члена Имп. Русского общества акклиматизации животных и растений, Общества сельского хозяйства Юго-Восточной России, Русского общества пчеловодства и др., а также имеющего диплом на звание члена Парижской национальной академии (Запись № 4237613)

Подробности
000 -МАРКЕР
контрольное поле 01867nam0a22002771 4500
001 - ИДЕНТИФИКАТОР ЗАПИСИ
контрольное поле v19\rc\1588762
005 - ИДЕНТИФИКАТОР ВЕРСИИ
контрольное поле 20250618213706.0
035 ## - ДРУГИЕ СИСТЕМНЫЕ НОМЕРА
Идентификатор записи (NLR Aleph) 004713833
100 ## - ДАННЫЕ ОБЩЕЙ ОБРАБОТКИ
Данные общей обработки 20061002d1894 |||y0rusy50 ca
101 0# - ЯЗЫК РЕСУРСА
Язык текста, звукозаписи и т.д. русский
102 ## - СТРАНА ПУБЛИКАЦИИ ИЛИ ПРОИЗВОДСТВА
Страна публикации Российская Федерация
105 ## - ПОЛЕ КОДИРОВАННЫХ ДАННЫХ: ТЕКСТОВЫЕ МАТЕРИАЛЫ, МОНОГРАФИЧЕСКИЕ
Кодированные данные о монографическом текстовом документе y z |||||
200 1# - ЗАГЛАВИЕ И СВЕДЕНИЯ ОБ ОТВЕТСТВЕННОСТИ
Основное заглавие Список сочинениям и изданиям В.П. Попова, действительного члена Имп. Русского общества акклиматизации животных и растений, Общества сельского хозяйства Юго-Восточной России, Русского общества пчеловодства и др., а также имеющего диплом на звание члена Парижской национальной академии
210 ## - ПУБЛИКАЦИЯ, РАСПРОСТРАНЕНИЕ И ДР.
Место издания, распространения и т.д. Пенза
Имя издателя, распространителя и т. д. типо-лит. Умнова
Дата издания, распространения и т.д. 1894
215 ## - ФИЗИЧЕСКАЯ ХАРАКТЕРИСТИКА
Специфическое обозначение материала и объем 16 с.
Размеры 17
532 10 - РАСШИРЕННОЕ ЗАГЛАВИЕ
Заглавие Список сочинениям и изданиям Владимира Павловича Попова, действительного члена Императорского Русского общества акклиматизации животных и растений, Общества сельского хозяйства Юго-Восточной России, Русского общества пчеловодства и др., а также имеющего диплом на звание члена Парижской национальной академии
702 #1 - ИМЯ ЛИЦА - ВТОРИЧНАЯ ОТВЕТСТВЕННОСТЬ
Код отношения Прочие
Начальный элемент ввода Попов
Часть имени, кроме начального элемента ввода В. П.
Дополнения к именам, кроме дат пчеловод
Даты 1862-1918
Расширение инициалов личного имени Владимир Павлович
Системный номер авторитетной/нормативной записи 230376
Идентификатор авторитетной/нормативной записи RU\NLR\AUTH\770230432
801 #0 - ИСТОЧНИК ЗАПИСИ
Страна Российская Федерация
Организация NLR
Правила каталогизации psbo
801 #0 - ИСТОЧНИК ЗАПИСИ
Страна Российская Федерация
Организация RuMoRGB
Источник данных psbo
801 #1 - ИСТОЧНИК ЗАПИСИ
Страна Российская Федерация
Организация ProSoft-M
Источник данных rusmarc
852 ## - МЕСТОНАХОЖДЕНИЕ И ШИФР ХРАНЕНИЯ
Идентификатор организации NLR
Шифр хранения (Call Number) 641/П-58
899 ## - ДАННЫЕ О МЕСТОНАХОЖДЕНИИ (устаревшее)
Местонахождение RuMoRGB
Шифр хранения O 42/35
942 ## - ДОПОЛНИТЕЛЬНЫЕ ЭЛЕМЕНТЫ ЗАПИСИ (АБИС)
Тип экземпляра АБИС Книга
980 ## - КОЛЛЕКЦИЯ
Название коллекции Национальная библиография
Экземпляры
Тип экземпляра Дата поступления Библиотека постоянного хранения Библиотека текущего хранения Место хранения Шифр хранения Штрих-код Статус экземпляра
Книга 26.10.2013 РНБ (Московский) РНБ (Московский) Центральная справочная библиотека 641/П-58 1-3678297